The field theoretic renormalization group in critical behavior theory and stochastic dynamics / (Record no. 29126)

000 -LEADER
fixed length control field 00713 a2200169 4500
020 ## - INTERNATIONAL STANDARD BOOK NUMBER
International Standard Book Number 0415310024
020 ## - INTERNATIONAL STANDARD BOOK NUMBER
International Standard Book Number 9780415310024
082 04 - DEWEY DECIMAL CLASSIFICATION NUMBER
Classification number 530.133
090 ## - LOCALLY ASSIGNED LC-TYPE CALL NUMBER (OCLC); LOCAL CALL NUMBER (RLIN)
-- 495
-- 495
100 1# - MAIN ENTRY--PERSONAL NAME
Personal name Vasil'ev, A.N.
245 14 - TITLE STATEMENT
Title The field theoretic renormalization group in critical behavior theory and stochastic dynamics /
Statement of responsibility, etc. A.N. Vasil'ev.
260 ## - PUBLICATION, DISTRIBUTION, ETC.
Place of publication, distribution, etc. [S.l.] :
Name of publisher, distributor, etc. Chapman and Hall/CRC,
Date of publication, distribution, etc. 2004.
300 ## - PHYSICAL DESCRIPTION
Extent 696 p. ;
Dimensions 23 cm.
942 ## - ADDED ENTRY ELEMENTS (KOHA)
Institution code [OBSOLETE] SNS
Koha item type Book
Call number prefix 530.133 VAS
Holdings
Withdrawn status Lost status Damaged status Not for loan Permanent Location Current Location Date acquired Total Checkouts Full call number Barcode Date last seen Price effective from Koha item type
        School of Natural Sciences (SNS) School of Natural Sciences (SNS) 05/26/2016   530.133 VAS SNS0000429 05/26/2016 05/26/2016 Book
        School of Natural Sciences (SNS) School of Natural Sciences (SNS) 05/26/2016   530.133 VAS SNS0000623 05/26/2016 05/26/2016 Book
© 2023 Central Library, National University of Sciences and Technology. All Rights Reserved.